[Event "EU-ch U10 Girls 25th"]
[Site "Porec"]
[Date "2015.09.22"]
[Round "2"]
[White "Kirchei, Viktoriia"]
[Black "Belozerova, Olga"]
[Result "1-0"]
[WhiteElo "1714"]
[BlackElo "1030"]
[PlyCount "167"]
[EventDate "2015.09.21"]
[EventType "swiss"]
[EventRounds "9"]
[EventCountry "CRO"]
[SourceTitle "EXT 2016"]
[Source "ChessBase"]
[SourceDate "2015.10.08"]
[SourceVersion "1"]
[SourceVersionDate "2015.10.08"]
[SourceQuality "1"]

1. e4 e6 2. d4 c5 3. Nf3 d5 4. dxc5 Bxc5 5. exd5 exd5 6. Bb5+ Nc6 7. 0-0 Nge7 8. Nc3 Be6 9. Ng5 0-0 10. Bd3 h6 11. Nxe6 fxe6 12. Qg4 Rf6 13. Qh5 Qe8 14. Qxe8+ Rxe8 15. Na4 Bd6 16. f4 Ref8 17. g3 e5 18. fxe5 Rxf1+ 19. Bxf1 Nxe5 20. Bg2 Nf3+ 21. Kh1 Ne1 22. Bf4 Bxf4 23. Rxe1 Bd6 24. Rd1 Rf5 25. Nc3 Rf2 26. Nb5 Bc5 27. Rc1 Be3 28. Re1 Bc5 29. a3 Rxc2 30. b4 Bb6 31. Rd1 a6 32. Nd6 Ra2 33. Bxd5+ Nxd5 34. Rxd5 Rxa3 35. Nxb7 Rb3 36. Nc5 Rxb4 37. Nxa6 Ra4 38. Nb8 Rd4 39. Rb5 Rd6 40. Na6 Ba7 41. Nb4 Rb6 42. Rxb6 Bxb6 43. Kg2 Kf7 44. Kf3 Ke6 45. Ke4 Bg1 46. h3 Bf2 47. g4 Bc5 48. Nd3 Bd6 49. Ne1 g5 50. Nf3 Bc5 51. Ne5 Bd6 52. Nc6 Kf6 53. Kd5 Bf8 54. Ne5 Ba3 55. Nc6 Kg6 56. Ke6 h5 57. Ne5+ Kh6 58. Kf5 hxg4 59. hxg4 Be7 60. Nf7+ Kh7 61. Ke6 Bf8 62. Kf6 Bh6 63. Kf5 Bg7 64. Nxg5+ Kh6 65. Nf7+ Kh7 66. g5 Ba1 67. g6+ Kg8 68. Kg5 Bb2 69. Nh6+ Kh8 70. Nf5 Kg8 71. Ne7+ Kh8 72. Kf5 Ba1 73. Nd5 Kg8 74. Nf4 Kh8 75. Nh5 Kg8 76. Ke6 Kh8 77. Kf7 Bb2 78. Nf6 Bxf6 79. Kxf6 Kg8 80. g7 Kh7 81. Kf7 Kh6 82. g8Q Kh5 83. Qg3 Kh6 84. Qg6# 1-0